Japan (Record no. 9310)

MARC details
000 -CABECERA
campo de control de longitud fija 00746nam a2200229 a 4500
001 - NÚMERO DE CONTROL
campo de control BRL_498
005 - FECHA Y HORA DE LA ÚLTIMA TRANSACCIÓN
campo de control 20190320210754.0
008 - DATOS DE LONGITUD FIJA--INFORMACIÓN GENERAL
campo de control de longitud fija 210813s1965----gw-abo####---#000-0#ger-#
041 ## - CÓDIGO DE LENGUA
Código de lengua del texto/banda sonora o título independiente ger
044 ## - CÓDIGO DEL PAÍS DE LA ENTIDAD EDITORA/PRODUCTORA
Código MARC del país gw
050 #4 - SIGNATURA TOPOGRÁFICA DE LA BIBLIOTECA DEL CONGRESO
Número de clasificación N5305
Número de documento/Ítem .K86 15 1965
100 1# - ENTRADA PRINCIPAL--NOMBRE DE PERSONA
Nombre de persona C. Swann, Peter
9 (RLIN) 24114
245 10 - MENCIÓN DE TÍTULO
Título Japan
Resto del título Von der Jomon-zur Tokugawa-Zeit
Mención de responsabilidad, etc. Von Peter C. Swann.
260 ## - PUBLICACIÓN, DISTRIBUCIÓN, ETC.
Lugar de publicación, distribución, etc. Germany
Nombre del editor, distribuidor, etc. Holle-Verlag Baden-Baden
Fecha de publicación, distribución, etc. 1965
300 ## - DESCRIPCIÓN FÍSICA
Extensión 250 p.
Otras características físicas il. (algunas a color), mapas
Dimensiones 23 cm.
440 #0 - MENCIÓN DE SERIE/PUNTO DE ACCESO ADICIONAL--TÍTULO
Título Kunst der Welt; ihre geschichtlichen, soziologischen und religiösen Grundlagen
Nombre de parte o sección de la obra Die aussereuropäischen Kulturen
Designación de volumen o secuencia 15
9 (RLIN) 24115
500 ## - NOTA GENERAL
Nota general Au517
500 ## - NOTA GENERAL
Nota general Bibliografía: p. 240-242
650 14 - PUNTO DE ACCESO ADICIONAL DE MATERIA--TÉRMINO DE MATERIA
Término de materia o nombre geográfico como elemento de entrada Arte japonés
9 (RLIN) 1193
902 ## - CATALOGADOR
Iniciales GRL
942 ## - ELEMENTOS DE PUNTO DE ACCESO ADICIONAL (KOHA)
Fuente del sistema de clasificación o colocación Library of Congress Classification
Tipo de ítem Koha Libros
Holdings
Estado de retiro Estado de pérdida Estado dañado No para préstamo Localización permanente Ubicación/localización actual Fecha de adquisición Número de inventario Total de préstamos Signatura topográfica completa Código de barras Fecha visto por última vez Precio válido a partir de Tipo de ítem Koha
El ejemplar forma parte de la colección y puede ser consultado según las políticas vigentes.       Biblioteca Centro de Estudios Ruth D. Lechuga Biblioteca Centro de Estudios Ruth D. Lechuga 21/08/2013 Au517   N5305 .K86 15 1965 (Au517) GRL00547 22/03/2019 22/03/2019 Libros